00815cam a2200241 a 4500999001500000001000600015003000900021005001700030008004100047020001800088040002800106082002000134100002300154245006300177260005300240300004700293500002000340650002300360650001500383650003000398942001200428952013300440 c1183d118315340BD-DhUAP20200203153536.0200203t20102006ii ab b 001 0 eng  a9788175346383 aDLCcDLCdBD-DhUAPbEng00a343.087 SCH223 aSchnitzer, Simone.10aUnderstanding international trade law /cSimone Schnitzer. aNew Delhi :bUniversal,cc2006 [Reprinted 2010]. axlii, 331 pages :billustrations ;c24 cm. aIncludes index. 0aInternational law. 0aTrade law. 0aForeign trade regulation. 2ddccBK 00102ddc4070aUAPCLbUAPCLcGeneral Stacksd2020-02-03l1o343.087 SCHp3010015340r2022-08-02s2022-08-01t1w2020-02-03yBK